[Event "Hyderabad Pearl City op"]
[Site "Hyderabad"]
[Date "2019.09.08"]
[Round "4"]
[White "Banerjee, Ashutosh"]
[Black "Bharat, Kumar Reddy Poluri"]
[Result "0-1"]
[WhiteElo "1867"]
[BlackElo "2304"]
[PlyCount "160"]
[EventDate "2019.09.06"]
[EventType "swiss"]
[EventRounds "11"]
[EventCountry "IND"]
[SourceTitle "EXT 2020"]
[Source "ChessBase"]
[SourceDate "2019.10.17"]
[SourceVersion "1"]
[SourceVersionDate "2019.10.17"]
[SourceQuality "1"]

1. Nf3 Nf6 2. c4 e6 3. g3 d5 4. d4 Be7 5. Bg2 0-0 6. 0-0 dxc4 7. Ne5 c5 8. dxc5 Qc7 9. Nxc4 Qxc5 10. b3 Rd8 11. Qc2 Nc6 12. Ba3 Nb4 13. Qc1 Rb8 14. Bb2 Nc6 15. Ba3 Qh5 16. Bxe7 Nxe7 17. Bf3 Qc5 18. Rd1 Bd7 19. Qa3 Qxa3 20. Nbxa3 Bc6 21. Ne5 Bxf3 22. Nxf3 Ne4 23. Rdc1 Nc6 24. Nc4 f6 25. Kf1 Rd7 26. Ne3 Rbd8 27. Rc4 Nd6 28. Rcc1 Nb5 29. Rd1 Nc3 30. Rdc1 Ne4 31. Rc4 Nd6 32. Rcc1 Kf7 33. Rd1 Nb5 34. Rxd7+ Rxd7 35. Rd1 Rxd1+ 36. Nxd1 Ke7 37. Ke1 e5 38. Kd2 Nb4 39. a4 Nd6 40. Nc3 Ke6 41. Ne1 Nc6 42. Kc2 e4 43. Ng2 g5 44. Kb2 f5 45. h4 h6 46. hxg5 hxg5 47. Ne3 Nd4 48. Nc2 Nc6 49. Nd1 Ke5 50. Kc3 f4 51. gxf4+ gxf4 52. Kd2 Nf5 53. b4 Nfd4 54. b5 Na5 55. Nxd4 Kxd4 56. e3+ fxe3+ 57. fxe3+ Kc4 58. Kc2 Nb3 59. Nc3 Nc5 60. Kb2 Kd3 61. Nd5 Nxa4+ 62. Ka3 Nb6 63. Nf4+ Kxe3 64. Ne6 Kd2 65. Kb4 e3 66. Nd4 e2 67. Kc5 e1Q 68. Nf3+ Ke2 69. Nxe1 Kxe1 70. Kd6 a5 71. bxa6 bxa6 72. Kc6 a5 73. Kb5 a4 74. Kb4 Kd2 75. Ka3 Kc3 76. Ka2 Nc4 77. Kb1 Kb3 78. Ka1 a3 79. Kb1 Ne3 80. Ka1 Nc2+ 0-1

[Event "Mumbai Wealth op 3rd"]
[Site "Mumbai"]
[Date "2018.01.06"]
[Round "8"]
[White "Balasubramaniam, H."]
[Black "Banerjee, Ashutosh"]
[Result "1-0"]
[WhiteElo "2147"]
[BlackElo "1914"]
[PlyCount "67"]
[EventDate "2017.12.30"]
[EventType "swiss"]
[EventRounds "9"]
[EventCountry "IND"]
[SourceTitle "CBM 182 Extra"]
[Source "ChessBase"]
[SourceDate "2018.02.23"]
[SourceVersion "1"]
[SourceVersionDate "2018.02.23"]
[SourceQuality "1"]

1. e4 e6 2. d4 d5 3. Nc3 Nf6 4. Bg5 dxe4 5. Nxe4 Be7 6. Bxf6 Bxf6 7. Nf3 0-0 8. Qd2 Nd7 9. 0-0-0 Re8 10. Bc4 Nb6 11. Bd3 Bd7 12. Neg5 h6 13. Ne4 Bc6 14. h4 Bxd4 15. c3 Bf6 16. Qe1 Qe7 17. g4 g6 18. g5 Bg7 19. h5 hxg5 20. hxg6 g4 21. gxf7+ Qxf7 22. Nfg5 Qf4+ 23. Kb1 Nd7 24. Rh5 Ne5 25. Bc2 Nf7 26. Nxf7 Qxf7 27. Rh4 Rad8 28. Rxd8 Rxd8 29. Ng5 Qe7 30. Bh7+ Kf8 31. Nxe6+ Ke8 32. Nxg7+ Kf7 33. Bg6+ Kf6 34. Nh5+ 1-0

[Event "Mumbai Wealth op 3rd"]
[Site "Mumbai"]
[Date "2018.01.02"]
[Round "4"]
[White "Ameir, Moheb"]
[Black "Banerjee, Ashutosh"]
[Result "1-0"]
[WhiteElo "2382"]
[BlackElo "1914"]
[PlyCount "41"]
[EventDate "2017.12.30"]
[EventType "swiss"]
[EventRounds "9"]
[EventCountry "IND"]
[SourceTitle "CBM 182 Extra"]
[Source "ChessBase"]
[SourceDate "2018.02.23"]
[SourceVersion "1"]
[SourceVersionDate "2018.02.23"]
[SourceQuality "1"]

1. e4 e6 2. d4 d5 3. Nd2 dxe4 4. Nxe4 Bd7 5. Nf3 Bc6 6. Bd3 Nd7 7. 0-0 Ngf6 8. Ned2 Be7 9. Re1 Bxf3 10. Qxf3 c6 11. c3 0-0 12. Nc4 Re8 13. Ne5 Nf8 14. Bc4 Qc7 15. Bg5 Rad8 16. h4 h6 17. Bxh6 gxh6 18. Qg3+ Ng6 19. Bxe6 Kf8 20. Nxg6+ fxg6 21. Qxg6 1-0

[Event "Mumbai Wealth op 3rd"]
[Site "Mumbai"]
[Date "2017.12.31"]
[Round "2"]
[White "Debarshi, Mukherjee"]
[Black "Banerjee, Ashutosh"]
[Result "1-0"]
[WhiteElo "2313"]
[BlackElo "1914"]
[PlyCount "45"]
[EventDate "2017.12.30"]
[EventType "swiss"]
[EventRounds "9"]
[EventCountry "IND"]
[SourceTitle "CBM 182 Extra"]
[Source "ChessBase"]
[SourceDate "2018.02.23"]
[SourceVersion "1"]
[SourceVersionDate "2018.02.23"]
[SourceQuality "1"]

1. d4 d5 2. c4 c6 3. Nf3 Nf6 4. e3 a6 5. Nbd2 b5 6. b3 Bg4 7. h3 Bxf3 8. Qxf3 Nbd7 9. c5 e5 10. Bb2 Qa5 11. a3 Ne4 12. b4 Nxd2 13. Kxd2 Qc7 14. Qg3 f6 15. a4 Qb8 16. axb5 axb5 17. Be2 e4 18. Rxa8 Qxa8 19. Qc7 Bxc5 20. dxc5 Nxc5 21. bxc5 Qa2 22. Qxc6+ Kf7 23. Bh5+ 1-0

[Event "Mumbai Wealth op 3rd"]
[Site "Mumbai"]
[Date "2017.12.30"]
[Round "1"]
[White "Banerjee, Ashutosh"]
[Black "Ajay, Karthikeyan"]
[Result "1-0"]
[WhiteElo "1914"]
[BlackElo "2224"]
[PlyCount "147"]
[EventDate "2017.12.30"]
[EventType "swiss"]
[EventRounds "9"]
[EventCountry "IND"]
[SourceTitle "CBM 182 Extra"]
[Source "ChessBase"]
[SourceDate "2018.02.23"]
[SourceVersion "1"]
[SourceVersionDate "2018.02.23"]
[SourceQuality "1"]

1. d4 Nf6 2. c4 g6 3. g3 Bg7 4. Bg2 d6 5. Nf3 0-0 6. 0-0 Nc6 7. Nc3 a6 8. b3 Rb8 9. Nd5 e6 10. Nxf6+ Qxf6 11. Bg5 Qf5 12. Qd2 e5 13. d5 Nd8 14. c5 f6 15. cxd6 cxd6 16. Be3 Nf7 17. Rac1 Qh5 18. Rc4 g5 19. Rfc1 Bh3 20. Rc7 Nh6 21. Qb4 Nf5 22. Ba7 g4 23. Nh4 a5 24. Qb5 Nxh4 25. gxh4 Bxg2 26. Bxb8 Be4 27. Qxb7 Bh6 28. R1c4 g3 29. hxg3 Qxe2 30. Rxe4 Qxe4 31. Ba7 Qg6 32. Re7 f5 33. Qd7 Rf6 34. Re6 Bf8 35. Bb8 f4 36. Rxf6 Qxf6 37. Qe6+ Qxe6 38. dxe6 fxg3 39. fxg3 Kg7 40. Bc7 Kf6 41. Bxa5 Kxe6 42. a4 d5 43. b4 d4 44. b5 Kd5 45. Kf2 Kc4 46. Bc7 d3 47. Bxe5 Kb3 48. Bf4 Bc5+ 49. Kf3 Kc2 50. a5 Bd6 51. a6 Bb8 52. b6 Bxf4 53. a7 d2 54. a8Q d1Q+ 55. Kxf4 Qd6+ 56. Kf3 Qd3+ 57. Kg2 Qe2+ 58. Kh1 Qe6 59. Qg2+ Kc3 60. b7 Qe1+ 61. Kh2 Qe8 62. Qf3+ Kc2 63. Qf2+ Kd1 64. Qd4+ Kc2 65. Qc5+ Kd1 66. Qd6+ Kc2 67. b8Q Qe2+ 68. Kh3 Qf1+ 69. Kg4 Qe2+ 70. Kg5 Qe3+ 71. Qf4 Qe7+ 72. Qf6 h6+ 73. Kg6 Qe4+ 74. Qf5 1-0

[Event "IND-ch U13 31st"]
[Site "Jalandhar"]
[Date "2017.06.26"]
[Round "8"]
[White "Tanmay, Jain"]
[Black "Banerjee, Ashutosh"]
[Result "1/2-1/2"]
[WhiteElo "1634"]
[BlackElo "1826"]
[PlyCount "96"]
[EventDate "2017.06.21"]
[EventType "swiss"]
[EventRounds "11"]
[EventCountry "IND"]
[SourceTitle "CBM 179 Extra"]
[Source "ChessBase"]
[SourceDate "2017.08.23"]
[SourceVersion "1"]
[SourceVersionDate "2017.08.23"]
[SourceQuality "1"]

1. e4 d6 2. d4 Nf6 3. Nc3 g6 4. Nf3 Bg7 5. h3 0-0 6. Be3 Nc6 7. Bb5 a6 8. Bxc6 bxc6 9. 0-0 a5 10. a4 Rb8 11. b3 Bb7 12. Qd3 Nd7 13. Rad1 Re8 14. Rfe1 Qc8 15. Qd2 e5 16. dxe5 Nxe5 17. Nxe5 Bxe5 18. Bd4 Ba8 19. Bxe5 Rxe5 20. f4 Re7 21. Rf1 f5 22. Rde1 fxe4 23. Nxe4 Qf5 24. Ng5 Rbe8 25. Rxe7 Rxe7 26. Re1 Qf8 27. Qxa5 Bb7 28. Qd2 h6 29. Rxe7 Qxe7 30. Nf3 c5 31. Kf2 Qe4 32. Qd3 Qxf4 33. Qxg6+ Kf8 34. Qg4 Qxg4 35. hxg4 Be4 36. Ne1 Ke7 37. Ke3 Bb7 38. Nf3 d5 39. Kf4 c4 40. g5 hxg5+ 41. Kxg5 cxb3 42. cxb3 c5 43. Kf4 Kd6 44. Ne5 c4 45. bxc4 dxc4 46. Nxc4+ Kc5 47. Ne3 Bxg2 48. Nxg2 Kb4 1/2-1/2

[Event "IND-ch U13 31st"]
[Site "Jalandhar"]
[Date "2017.06.24"]
[Round "6"]
[White "Banerjee, Ashutosh"]
[Black "Chilukuri, Sai Varshith"]
[Result "1-0"]
[WhiteElo "1826"]
[BlackElo "1655"]
[PlyCount "53"]
[EventDate "2017.06.21"]
[EventType "swiss"]
[EventRounds "11"]
[EventCountry "IND"]
[SourceTitle "CBM 179 Extra"]
[Source "ChessBase"]
[SourceDate "2017.08.23"]
[SourceVersion "1"]
[SourceVersionDate "2017.08.23"]
[SourceQuality "1"]

1. d4 Nf6 2. c4 g6 3. g3 Bg7 4. Bg2 d5 5. cxd5 Nxd5 6. e4 Nb6 7. Ne2 0-0 8. Nbc3 Nc6 9. d5 Na5 10. 0-0 c6 11. dxc6 bxc6 12. Qc2 Ba6 13. Rd1 Qc7 14. Be3 Nac4 15. Bd4 Rfd8 16. Bxg7 Kxg7 17. Nd4 Rac8 18. Bh3 Rb8 19. Bf1 Bc8 20. b3 Ne5 21. Bg2 Ba6 22. f4 Ng4 23. Qb2 Nc4 24. Qe2 Qb6 25. Na4 Nce3 26. Qb2 Nxd1 27. Rxd1 1-0